| Tag |
First Indicator |
Second Indicator |
Subfields |
| LEADER |
00000cam a2200000Ia 4500 |
| 001 |
in00001628607 |
| 005 |
20151023063630.0 |
| 008 |
010828s2000 ag a j 000 1 spa d |
| 020 |
|
|
|a 9875200131
|
| 035 |
|
|
|a (OCoLC)ocm48497662
|
| 040 |
|
|
|a TXA
|c TXA
|d UtOrBLW
|
| 041 |
1 |
|
|a spa
|h eng
|
| 049 |
|
|
|a TXAM
|
| 090 |
|
|
|a PZ74
|b .C85 2000
|
| 245 |
0 |
0 |
|a Cuentos clásicos para sońar /
|c [ilustraciones: Enrique Vignolo, adaptación: Elsa Felder].
|
| 250 |
|
|
|a 1a ed.
|
| 264 |
|
1 |
|a Buenos Aires :
|b La Grulla,
|c 2000.
|
| 300 |
|
|
|a 62 pages :
|b illustrations ;
|c 28 cm.
|
| 336 |
|
|
|a text
|b txt
|2 rdacontent
|
| 337 |
|
|
|a unmediated
|b n
|2 rdamedia
|
| 338 |
|
|
|a volume
|b nc
|2 rdacarrier
|
| 505 |
0 |
|
|a Twelve popular fairy tales translated into Spanish.
|
| 650 |
|
0 |
|a Fairy tales
|v Translations into Spanish.
|
| 650 |
|
0 |
|a Folklore.
|
| 650 |
|
0 |
|a Spanish language materials.
|
| 700 |
1 |
|
|a Felder, Elsa.
|
| 700 |
1 |
|
|a Vignola, Enrique.
|
| 948 |
|
|
|a cataloged
|b h
|c 2001/11/28
|d o
|e khamn
|f 12:43:56 pm
|
| 994 |
|
|
|a E0
|b TXA
|
| 999 |
|
|
|a MARS
|
| 999 |
f |
f |
|s 723425fe-2d8b-3d1e-9fac-9f7e2926bcf7
|i 94297dfa-1b37-3a78-acf3-368b8541bcbf
|t 0
|
| 952 |
f |
f |
|p ric
|a Texas A&M University
|b Rellis Campus
|c Joint Library Facility
|d Remote Storage
|t 0
|e PZ74 .C85 2000
|h Library of Congress classification
|i unmediated -- volume
|m A14826955979
|
| 998 |
f |
f |
|a PZ74 .C85 2000
|t 0
|l Remote Storage
|